000 00260nam a2200097Ia 4500
008 240331s9999 xx 000 0 und d
082 _bBAL
100 _aBalasingham,A
245 0 _aWar and peace :
_barmy struggle and peace efforts of liberation tigers
942 _cL
999 _c2204
_d2204